Introduction to VLSI Circuits and Systems (Record no. 5868)

MARC details
000 -LEADER
fixed length control field 01031cam a22002894a 4500
001 - CONTROL NUMBER
control field 12410198
003 - CONTROL NUMBER IDENTIFIER
control field OSt
005 - DATE AND TIME OF LATEST TRANSACTION
control field 20180302182531.0
008 - FIXED-LENGTH DATA ELEMENTS--GENERAL INFORMATION
fixed length control field 010516s2002 nyua b 001 0 eng
010 ## - LIBRARY OF CONGRESS CONTROL NUMBER
LC control number 2001026643
020 ## - INTERNATIONAL STANDARD BOOK NUMBER
International Standard Book Number 8126509155
040 ## - CATALOGING SOURCE
Original cataloging agency DLC
Transcribing agency DLC
Modifying agency DLC
042 ## - AUTHENTICATION CODE
Authentication code pcc
082 00 - DEWEY DECIMAL CLASSIFICATION NUMBER
Classification number 621.319
Edition number 21
Item number UYE 2002
100 1# - MAIN ENTRY--PERSONAL NAME
Personal name Uyemura, John P.
9 (RLIN) 12228
245 10 - TITLE STATEMENT
Title Introduction to VLSI Circuits and Systems
260 ## - PUBLICATION, DISTRIBUTION, ETC. (IMPRINT)
Place of publication, distribution, etc. New York;
Name of publisher, distributor, etc. John Wiley,
Date of publication, distribution, etc. 2002.
300 ## - PHYSICAL DESCRIPTION
Extent xii, 642 p. :
Other physical details ill. ;
Dimensions 26 cm. +CD
504 ## - BIBLIOGRAPHY, ETC. NOTE
Bibliography, etc Includes bibliographical references and index.
538 ## - SYSTEM DETAILS NOTE
System details note System requirements for accompanying computer disc: Windows PC operating system.
650 #0 - SUBJECT ADDED ENTRY--TOPICAL TERM
Topical term or geographic name as entry element Electronic circuits
9 (RLIN) 12229
651 ## - SUBJECT ADDED ENTRY--GEOGRAPHIC NAME
Geographic name Electronic systems
9 (RLIN) 12510
856 42 - ELECTRONIC LOCATION AND ACCESS
Materials specified Publisher description
Uniform Resource Identifier http://www.loc.gov/catdir/description/wiley036/2001026643.html
856 4# - ELECTRONIC LOCATION AND ACCESS
Materials specified Table of Contents
Uniform Resource Identifier http://www.loc.gov/catdir/toc/onix07/2001026643.html
906 ## - LOCAL DATA ELEMENT F, LDF (RLIN)
a 7
b cbc
c orignew
d 1
e ocip
f 19
g y-gencatlg
942 ## - ADDED ENTRY ELEMENTS (KOHA)
Source of classification or shelving scheme Dewey Decimal Classification
Koha item type Open Shelf
Holdings
Withdrawn status Lost status Source of classification or shelving scheme Damaged status Not for loan Home library Current library Date acquired Source of acquisition Inventory number Total Checkouts Full call number Barcode Date last seen Koha item type
    Dewey Decimal Classification     MUST Main Library MUST Main Library 27/10/2017   11/34123   621.319 UYE 2002 2017-0870 27/10/2017 Open Shelf
    Dewey Decimal Classification     MUST Main Library MUST Main Library   Purchase 11/33330   621.319 UYE 2002 2024-20845 19/06/2024 Open Shelf